Changes in Japan's semiconductor industry
Bewaard in:
| Formaat: | Boek |
|---|---|
| Taal: | Undetermined |
| Gepubliceerd in: |
Japan
Pacific Research Group
1988
|
| Onderwerpen: | |
| Tags: |
Voeg label toe
Geen labels, Wees de eerste die dit record labelt!
|
| Thư viện lưu trữ: | Trung tâm Học liệu Trường Đại học Cần Thơ |
|---|
| LEADER | 00432nam a2200157Ia 4500 | ||
|---|---|---|---|
| 001 | CTU_98797 | ||
| 008 | 210402s9999 xx 000 0 und d | ||
| 082 | |a 338.4 | ||
| 082 | |b C455 | ||
| 245 | 0 | |a Changes in Japan's semiconductor industry | |
| 260 | |a Japan | ||
| 260 | |b Pacific Research Group | ||
| 260 | |c 1988 | ||
| 650 | |a Semiconductor industry | ||
| 904 | |i Tuyến | ||
| 980 | |a Trung tâm Học liệu Trường Đại học Cần Thơ | ||